Normal view
MARC view
Entry Corporate Name
001 - CONTROL NUMBER
- control field: 869
003 - CONTROL NUMBER IDENTIFIER
- control field: ARRUPE
005 - DATE AND TIME OF LATEST TRANSACTION
- control field: 20130920135821.0
008 - FIXED-LENGTH DATA ELEMENTS
- fixed length control field: 130920|| aca||aabn | a|a d
040 ## - CATALOGING SOURCE
- Original cataloging agency: ARRUPE
- Transcribing agency: ARRUPE
110 ## - HEADING--CORPORATE NAME
- Corporate name or jurisdiction name as entry element: Catholic Church
- General subdivision: Membership.
670 ## - SOURCE DATA FOUND
- Source citation: Work cat.: (ARRUPE)0: Walsh, John, 1933- 868, Integral justice :, c1990.